Statistiques concernant Formes de pays n°5

Cliquez ici pour prendre le quiz!

Statistiques générales

  • Ce quiz a été pris 15 153 fois
  • Le résultat moyen est 9 sur 16

Statistiques - réponses

Réponse% Correct
Maroc
95%
Irlande
83%
Birmanie
72%
Papouasie-Nouvelle-Guinée
71%
Pays-Bas
70%
Finlande
66%
Pakistan
63%
Yémen
55%
Tunisie
52%
Jordanie
51%
Corée du Sud
46%
Serbie
42%
Bahamas
41%
Équateur
35%
Estonie
35%
Qatar
25%

Distribution des résultats

Percentile par nombre de réponses

% des personnes avec chaque résultat

Votre développement - résultats

Vous n’avez pas pris ce quiz